<?xml version="1.0" encoding="UTF-8"?>
<collection xmlns="http://www.loc.gov/MARC21/slim">
 <record>
  <leader>00818pamaa2200241   4500</leader>
  <controlfield tag="001">0000049492</controlfield>
  <controlfield tag="005">20130815090000.0</controlfield>
  <controlfield tag="008">110817                             eng  </controlfield>
  <datafield tag="020" ind1="0" ind2="0">
   <subfield code="a">0958364753 (pbk.) </subfield>
  </datafield>
  <datafield tag="090" ind1="0" ind2="0">
   <subfield code="a">RD771.B217 </subfield>
   <subfield code="b">MCK 2003</subfield>
  </datafield>
  <datafield tag="100" ind1="1" ind2="0">
   <subfield code="a">McKenzie </subfield>
  </datafield>
  <datafield tag="245" ind1="1" ind2="4">
   <subfield code="a">The lumbar spine mechanical diagnosis &amp; therapy (vol. 2)  </subfield>
   <subfield code="c">Robin McKenzie, Stephen May.</subfield>
  </datafield>
  <datafield tag="260" ind1="0" ind2="0">
   <subfield code="a">Waikanae, New Zealand: </subfield>
   <subfield code="b">Spinal Publications, </subfield>
   <subfield code="c">2003.</subfield>
  </datafield>
  <datafield tag="300" ind1=" " ind2=" ">
   <subfield code="a">x, 732p: </subfield>
   <subfield code="b">ill.; </subfield>
   <subfield code="c">26 cm.</subfield>
  </datafield>
  <datafield tag="501" ind1="0" ind2="0">
   <subfield code="a">FMHS</subfield>
  </datafield>
  <datafield tag="504" ind1="0" ind2="0">
   <subfield code="a">Includes bibliographical references and index</subfield>
  </datafield>
  <datafield tag="650" ind1="0" ind2="0">
   <subfield code="a">Backache </subfield>
  </datafield>
  <datafield tag="650" ind1="0" ind2="0">
   <subfield code="a">Backache -- </subfield>
   <subfield code="x">diagnosis </subfield>
  </datafield>
  <datafield tag="650" ind1="0" ind2="0">
   <subfield code="a">Lumbar spine </subfield>
  </datafield>
  <datafield tag="650" ind1="0" ind2="0">
   <subfield code="a">Backache -- </subfield>
   <subfield code="x">therapy </subfield>
  </datafield>
  <datafield tag="700" ind1="1" ind2="1">
   <subfield code="a">May, </subfield>
   <subfield code="h">Stephen </subfield>
  </datafield>
  <datafield tag="745" ind1="1" ind2="4">
   <subfield code="a">The lumbar spine mechanical diagnosis and therapy (vol. 2)</subfield>
  </datafield>
  <datafield tag="901" ind1=" " ind2=" ">
   <subfield code="u">www.spinalpublications.co.nz</subfield>
  </datafield>
 </record>
</collection>
